Geography Quiz

Random Geography or City Quiz

Where Is That City? II Quiz Stats

 Plays Quiz Updated Feb 3, 2017

Challenge
Share
Tweet
Embed
Score 0/20 Timer 04:00
2 Plays Today
Question Answer Wrong Answers
Tel Aviv Israel
92.2%
Syria
1.5%
Iran
2.6%
Bahrain
1.2%
Saskatoon Canada
84.5%
United States
3.3%
United Kingdom
0.9%
New Zealand
8.4%
Cardiff United Kingdom
81.7%
Ireland
9.3%
Australia
4.1%
South Africa
2.3%
Durban South Africa
80.5%
Canada
1.6%
United Kingdom
3.2%
New Zealand
11.7%
Guantánamo Cuba
79.3%
Mexico
6.3%
Guatemala
7.9%
Nicaragua
3.6%
Málaga Spain
78%
Portugal
6.5%
Chile
5.6%
Argentina
6.7%
Porto Portugal
77.3%
Spain
9.4%
France
1.7%
Brazil
8.6%
Oaxaca Mexico
75.7%
Guatemala
8.2%
Nicaragua
8.2%
Venezuela
4.8%
Kinshasa Democratic Republic of the Congo
63.9%
Benin
8.5%
Niger
9%
Republic of the Congo
15.4%
Cusco Peru
62.1%
Mexico
8.8%
Ecuador
17.8%
Colombia
8.2%
Tashkent Uzbekistan
60.3%
Turkmenistan
21.9%
Bhutan
6.7%
Nepal
8.1%
Limassol Cyprus
58.3%
Armenia
16.5%
Turkey
9.4%
Georgia
12.2%
Patras Greece
56.7%
Macedonia
16.2%
Turkey
13%
Malta
10.7%
Dar es Salaam Tanzania
56.4%
Kenya
11.8%
Mozambique
16.7%
Burundi
11.8%
Busan South Korea
54.9%
North Korea
6.4%
Mongolia
16.6%
Malaysia
19%
Valparaíso Chile
51.7%
Argentina
20.8%
Peru
8.4%
Uruguay
15.9%
Lucknow India
48.9%
United States
7.5%
Myanmar
23.9%
United Kingdom
16.4%
Douala Cameroon
43.7%
Portugal
4.5%
Senegal
29.2%
Gabon
19.1%
Maracaibo Venezuela
41%
Colombia
14.8%
Brazil
23.9%
Guyana
16.9%
Turku Finland
40.4%
Turkey
28.8%
Greece
8%
Estonia
19.7%

You're not logged in!

Compare scores with friends on all Sporcle quizzes.
OR
Log In

You Might Also Like...

Show Comments

Extras

Top Quizzes Today


Score Distribution

Your Account Isn't Verified!

In order to create a playlist on Sporcle, you need to verify the email address you used during registration. Go to your Sporcle Settings to finish the process.

Report this User

Report this user for behavior that violates our Community Guidelines.

Details: